| 000 | 00413nam a2200157Ia 4500 | ||
|---|---|---|---|
| 008 | 210210b1986 xxu||||| |||| 00| 0 eng d | ||
| 082 | _a541.3 PURP | ||
| 100 | _aPURI (B R) & SHARMA (L R). | ||
| 245 | _aPrinciples of physical chemistry. Ed 27. | ||
| 250 | _a | ||
| 260 |
_aN D _bS. Nagin & Co _c1986 |
||
| 300 | _axi,1108,ixi | ||
| 650 | _aPhysical Chemistry | ||
| 690 | _aPhysical Chemistry | ||
| 906 | _a038322 | ||
| 999 |
_c88499 _d88499 |
||